000 00787nas a2200253 4500
001 BR9509807
003 BR-BrBNA
005 20231205094816.0
007 ta
008 230509b bl.|||p| |||| 00| 00por d
040 _aBR-BrBNA
_bpor
_cBiblioteca Nacional de Agricultura
041 _a(Pt)
072 _aH20; H10
100 1 _aPaiva, F. de A.
100 1 _aGourlart, A.C.P.
245 1 _aFlutuacao populacional da mosca-branca e incidencia de mosaico dourado do feijoeiro em Dourados, MS
650 _aFeijao
650 _aMosaico Dourado
650 _aMosca Branca
650 _aEpidemiologia
773 0 _tFitopatologia Brasileira (Brazil)
_xISSN 0100-4158
_g(Jun 1995), v. 20(2) p. 199-202
_wBR9509807
909 _a202311
_bLúcia
_c55
_dLúcia Elande
942 _2AGRIS
_n0
_cANA
999 _c146991
_d146991